Statistics for Countries That Consume Most Food

Click here to take the quiz!

General Stats

  • This quiz has been taken 169 times
  • The average score is 4 of 10

Answer Stats

Answer% Correct
Germany
79%
Italy
70%
Belgium
44%
Austria
40%
Greece
40%
Ireland
40%
Luxembourg
34%
Portugal
34%
United States
28%
Malta
13%

Score Distribution

Percentile by Number Answered

Percent of People with Each Score

Your Score History

You have not taken this quiz